Ascent of Man (Record no. 222997)
[ view plain ]
| 000 -LEADER | |
|---|---|
| fixed length control field | 00628nam a22002297a 4500 |
| 005 - DATE AND TIME OF LATEST TRANSACTION | |
| control field | 20220519112035.0 |
| 008 - FIXED-LENGTH DATA ELEMENTS--GENERAL INFORMATION | |
| fixed length control field | 220519b ||||| |||| 00| 0 eng d |
| 020 ## - INTERNATIONAL STANDARD BOOK NUMBER | |
| International Standard Book Number | 0708820352 |
| 040 ## - CATALOGING SOURCE | |
| Transcribing agency | AL |
| 041 ## - LANGUAGE CODE | |
| Language code of text/sound track or separate title | English |
| 082 ## - DEWEY DECIMAL CLASSIFICATION NUMBER | |
| Edition number | 23 |
| Classification number | 306.4509 |
| Item number | BROA |
| 100 ## - MAIN ENTRY--PERSONAL NAME | |
| Personal name | J Bronowski |
| 100 ## - MAIN ENTRY--PERSONAL NAME | |
| 9 (RLIN) | 37912 |
| 245 ## - TITLE STATEMENT | |
| Title | Ascent of Man |
| 260 ## - PUBLICATION, DISTRIBUTION, ETC. | |
| Place of publication, distribution, etc. | London |
| Name of publisher, distributor, etc. | Macdonald Futura Publishers Ltd |
| Date of publication, distribution, etc. | 1981 |
| 300 ## - PHYSICAL DESCRIPTION | |
| Extent | 288 p. |
| Other physical details | PB |
| Dimensions | 18x11 cm. |
| 650 ## - SUBJECT ADDED ENTRY--TOPICAL TERM | |
| Topical term or geographic name entry element | Science -- Social aspects |
| 9 (RLIN) | 37913 |
| 650 ## - SUBJECT ADDED ENTRY--TOPICAL TERM | |
| Topical term or geographic name entry element | Civilization |
| 9 (RLIN) | 37914 |
| 650 ## - SUBJECT ADDED ENTRY--TOPICAL TERM | |
| Topical term or geographic name entry element | Human beings |
| 9 (RLIN) | 37915 |
| 650 ## - SUBJECT ADDED ENTRY--TOPICAL TERM | |
| Topical term or geographic name entry element | Human ecology |
| 9 (RLIN) | 37916 |
| 700 ## - ADDED ENTRY--PERSONAL NAME | |
| Personal name | BRONOWSKI (J) |
| 9 (RLIN) | 37917 |
| 942 ## - ADDED ENTRY ELEMENTS (KOHA) | |
| Source of classification or shelving scheme | Dewey Decimal Classification |
| Koha item type | George Fernandes Collections |
| Withdrawn status | Lost status | Source of classification or shelving scheme | Damaged status | Not for loan | Collection code | Home library | Current library | Date acquired | Total Checkouts | Full call number | Barcode | Date last seen | Price effective from | Koha item type |
|---|---|---|---|---|---|---|---|---|---|---|---|---|---|---|
| Dewey Decimal Classification | Sociology | St Aloysius Library | St Aloysius Library | 03/24/2013 | 306.4509 BROA | GF02359 | 05/19/2022 | 05/19/2022 | George Fernandes Collections |